00382nam a2200169Ia 4500008004100000020001800041245001200059245002300071260001500094260001600109260000900125300001600134300002500150300001000175500000800185999001900193170705s9999 xx 000 0 und d a9780590486682 aSlam! / cWalter Dean Myers. aNew York : bScholastic, c1996 a266 pages : bcolor illustration ; c17cm. a750 c336347d336347